Maroeconomic : Principles and tools
Bewaard in:
| Hoofdauteur: | |
|---|---|
| Formaat: | Boek |
| Taal: | Undetermined |
| Gepubliceerd in: |
New Jersey
Pearson Education, Inc.
2005
|
| Onderwerpen: | |
| Tags: |
Voeg label toe
Geen labels, Wees de eerste die dit record labelt!
|
| Thư viện lưu trữ: | Trung tâm Học liệu Trường Đại học Cần Thơ |
|---|
| LEADER | 00544nam a2200205Ia 4500 | ||
|---|---|---|---|
| 001 | CTU_93929 | ||
| 008 | 210402s9999 xx 000 0 und d | ||
| 020 | |c 99 | ||
| 082 | |a 339 | ||
| 082 | |b O.85 | ||
| 100 | |a O'Sullivan, Arthur | ||
| 245 | 0 | |a Maroeconomic : | |
| 245 | 0 | |b Principles and tools | |
| 245 | 0 | |c Arthur O'Sullivan, Steven M. Sheffrin | |
| 260 | |a New Jersey | ||
| 260 | |b Pearson Education, Inc. | ||
| 260 | |c 2005 | ||
| 650 | |a Maroeconomic | ||
| 904 | |i Tuyến | ||
| 980 | |a Trung tâm Học liệu Trường Đại học Cần Thơ | ||